| 000 | 00539nam a2200205Ia 4500 | ||
|---|---|---|---|
| 005 | 20250425161520.0 | ||
| 008 | 250425s9999 xx 000 0 und d | ||
| 020 | _a02536013 | ||
| 041 | _aspa | ||
| 082 | _a339.43 | ||
| 245 | 0 | _aPROGRESO ECONOMICO Y SOCIAL EN AMERICA LATINA: INFORME 1988 | |
| 250 | _a1A ED. | ||
| 260 |
_aEstados Unidos _bBANCO INTERAMERICANO DE DESARROLLO _c1988 |
||
| 260 | _aWASHINGTON | ||
| 300 | _a632 | ||
| 650 | _aCIENCIA Y TECNOLOGIA | ||
| 650 | _aPROGRESO ECONOMICO | ||
| 942 | _c01 | ||
| 010 | _a21997 | ||
| 999 |
_c210748 _d210748 |
||